[Event "Belgrade-chT Quality"]
[Site "Belgrade"]
[Date "2021.11.14"]
[Round "10.3"]
[White "Jovicic, Dragomir"]
[Black "Askovic, Jovica"]
[Result "1-0"]
[WhiteElo "2128"]
[BlackElo "1948"]
[PlyCount "57"]
[EventDate "2021.10.16"]
[EventType "team-tourn"]
[EventRounds "11"]
[EventCountry "SRB"]
[SourceTitle "EXT 2023"]
[Source "ChessBase"]
[SourceDate "2022.10.05"]
[SourceVersion "1"]
[SourceVersionDate "2022.10.05"]
[SourceQuality "1"]
[WhiteTeam "Belgrade Borca"]
[BlackTeam "Belgrade Obrenovac"]
[WhiteTeamCountry "SRB"]
[BlackTeamCountry "SRB"]

1. c4 Nf6 2. Nc3 d5 3. cxd5 Nxd5 4. g3 g6 5. Bg2 Nxc3 6. bxc3 Bg7 7. Rb1 c6 8. Nf3 Qc7 9. 0-0 Bf5 10. d3 0-0 11. Bf4 e5 12. Be3 Nd7 13. Qa4 b5 14. Qh4 h5 15. Ng5 a6 16. f4 Bg4 17. Rf2 f6 18. Ne4 Rac8 19. Rbf1 Rce8 20. h3 Be6 21. fxe5 f5 22. Nd6 Rb8 23. d4 Bxa2 24. Qg5 Kh7 25. Nxf5 gxf5 26. Rxf5 Bd5 27. Bxd5 cxd5 28. Rf7 Rxf7 29. Rxf7 1-0

[Event "Belgrade-chT Quality"]
[Site "Belgrade"]
[Date "2020.10.24"]
[Round "5.3"]
[White "Jovicic, Dragomir"]
[Black "Vulinovic, Radivoje"]
[Result "1-0"]
[WhiteElo "2108"]
[BlackElo "2193"]
[PlyCount "79"]
[EventDate "2020.10.09"]
[EventType "team-tourn"]
[EventRounds "9"]
[EventCountry "SRB"]
[SourceTitle "EXT 2022"]
[Source "ChessBase"]
[SourceDate "2021.10.06"]
[SourceVersion "1"]
[SourceVersionDate "2021.10.06"]
[SourceQuality "1"]
[WhiteTeam "Belgrade Borca"]
[BlackTeam "Belgrade Napredak"]
[WhiteTeamCountry "SRB"]
[BlackTeamCountry "SRB"]

1. c4 e6 2. g3 d5 3. Bg2 Nf6 4. Nf3 Be7 5. 0-0 0-0 6. d4 dxc4 7. Ne5 Nc6 8. Nxc6 bxc6 9. Nc3 Nd5 10. Qa4 Qd7 11. Qxc4 a5 12. Nxd5 cxd5 13. Qc2 Bb7 14. b3 Rfc8 15. Bb2 a4 16. e4 Ba6 17. Rfe1 c6 18. Bc3 Bb5 19. Qd2 axb3 20. axb3 dxe4 21. Rxa8 Rxa8 22. Bxe4 Bf6 23. Qe3 Rd8 24. Rd1 Qa7 25. Bc2 Qd7 26. h4 Qd5 27. f3 g6 28. Kg2 Ra8 29. Rd2 Ra2 30. Bd1 Rxd2+ 31. Qxd2 c5 32. Qf4 Qd8 33. Kf2 cxd4 34. Bb4 e5 35. Qe4 Qc8 36. Qd5 Qe8 37. Bc2 h5 38. Bxg6 Bd7 39. Bc2 Be6 40. Qe4 1-0

[Event "Belgrade-chT Quality"]
[Site "Belgrade"]
[Date "2020.10.23"]
[Round "4.3"]
[White "Dorcic, Igor"]
[Black "Jovicic, Dragomir"]
[Result "1/2-1/2"]
[WhiteElo "2015"]
[BlackElo "2108"]
[PlyCount "31"]
[EventDate "2020.10.09"]
[EventType "team-tourn"]
[EventRounds "9"]
[EventCountry "SRB"]
[SourceTitle "EXT 2022"]
[Source "ChessBase"]
[SourceDate "2021.10.06"]
[SourceVersion "1"]
[SourceVersionDate "2021.10.06"]
[SourceQuality "1"]
[WhiteTeam "Belgrade Bask"]
[BlackTeam "Belgrade Borca"]
[WhiteTeamCountry "SRB"]
[BlackTeamCountry "SRB"]

1. d4 Nf6 2. Nf3 d5 3. Bf4 e6 4. e3 c5 5. c3 Bd6 6. Ne5 Nc6 7. Bb5 Bxe5 8. Bxe5 0-0 9. Bxc6 bxc6 10. 0-0 Ne8 11. Qa4 f6 12. Bg3 Bd7 13. Qa3 cxd4 14. cxd4 Nc7 15. Nc3 Nb5 16. Nxb5 1/2-1/2

[Event "Belgrade-chT Quality"]
[Site "Belgrade"]
[Date "2019.10.20"]
[Round "6.3"]
[White "Carnic, Dejan"]
[Black "Jovicic, Dragomir"]
[Result "0-1"]
[WhiteElo "2088"]
[BlackElo "2135"]
[PlyCount "90"]
[EventDate "2019.10.05"]
[EventType "team-tourn"]
[EventRounds "11"]
[EventCountry "SRB"]
[SourceTitle "EXT 2022"]
[Source "ChessBase"]
[SourceDate "2021.10.06"]
[SourceVersion "1"]
[SourceVersionDate "2021.10.06"]
[SourceQuality "1"]
[WhiteTeam "Romanticari"]
[BlackTeam "Borca"]
[WhiteTeamCountry "SRB"]
[BlackTeamCountry "SRB"]

1. e4 c5 2. Nf3 Nc6 3. d4 cxd4 4. Nxd4 g6 5. Nc3 Bg7 6. Be3 Nf6 7. Nxc6 bxc6 8. e5 Nd5 9. Nxd5 cxd5 10. Qxd5 Rb8 11. Bxa7 Rxb2 12. Bd4 Rxc2 13. Bd3 e6 14. Qa8 Rc6 15. 0-0 Ba6 16. Qxd8+ Kxd8 17. Bxa6 Rxa6 18. Rab1 Kc7 19. Rfc1+ Rc6 20. Bb6+ Kb7 21. Bc5+ Ka8 22. Rc4 Ra6 23. Bd6 f6 24. f4 Rxa2 25. Rc7 Ra7 26. Rbc1 fxe5 27. Rxa7+ Kxa7 28. fxe5 Kb6 29. g3 h5 30. Rc7 Bh6 31. Rxd7 Kc6 32. Rf7 Kd5 33. Rf6 g5 34. Rf1 g4 35. Rd1+ Ke4 36. Kg2 Rc8 37. Re1+ Be3 38. Re2 Rc1 39. h3 Kd3 40. Ra2 Rc2+ 41. Rxc2 Kxc2 42. hxg4 hxg4 43. Kf1 Kd3 44. Bc7 Bd4 45. Bd6 Ke3 0-1

[Event "Belgrade-chT Quality"]
[Site "Belgrade"]
[Date "2019.10.12"]
[Round "3.3"]
[White "Tosic, Srecko"]
[Black "Jovicic, Dragomir"]
[Result "1-0"]
[WhiteElo "2309"]
[BlackElo "2135"]
[PlyCount "99"]
[EventDate "2019.10.05"]
[EventType "team-tourn"]
[EventRounds "11"]
[EventCountry "SRB"]
[SourceTitle "EXT 2022"]
[Source "ChessBase"]
[SourceDate "2021.10.06"]
[SourceVersion "1"]
[SourceVersionDate "2021.10.06"]
[SourceQuality "1"]
[WhiteTeam "Bogoslov"]
[BlackTeam "Borca"]
[WhiteTeamCountry "SRB"]
[BlackTeamCountry "SRB"]

1. e4 c5 2. Nf3 Nc6 3. d4 cxd4 4. Nxd4 Nf6 5. Nc3 g6 6. g3 Bg7 7. Nde2 0-0 8. Bg2 d6 9. 0-0 Bg4 10. h3 Bd7 11. Nd5 Ne5 12. a4 b5 13. axb5 Bxb5 14. Re1 Nxd5 15. exd5 Qc7 16. Nd4 Bd7 17. c3 Rab8 18. Kh2 Rfe8 19. Qe2 e6 20. dxe6 fxe6 21. f4 Nc6 22. Nxc6 Bxc6 23. Qc4 d5 24. Qc5 Qb6 25. Qxb6 Rxb6 26. Rxa7 d4 27. Rc7 Bxg2 28. Kxg2 dxc3 29. bxc3 Ra8 30. Re2 Rb1 31. Rc2 e5 32. Kf3 Re8 33. Rc4 exf4 34. Bxf4 Rf1+ 35. Rf2 Rd1 36. Rd2 Rf1+ 37. Kg2 Rc1 38. Rd3 Rce1 39. Rc7 h6 40. h4 R8e7 41. Rd8+ Kf7 42. Rxe7+ Rxe7 43. Rc8 Re2+ 44. Kf3 Rc2 45. Rc7+ Kf8 46. c4 Rc3+ 47. Ke4 g5 48. Bd6+ Ke8 49. Rxg7 Rxc4+ 50. Kd5 1-0

[Event "Belgrade-chTB Quality"]
[Site "Belgrade"]
[Date "2018.10.21"]
[Round "8.5"]
[White "Jovicic, Dragomir"]
[Black "Simic, Milan M"]
[Result "1/2-1/2"]
[WhiteElo "2131"]
[BlackElo "2081"]
[PlyCount "66"]
[EventDate "2018.09.29"]
[EventType "team-tourn"]
[EventRounds "11"]
[EventCountry "SRB"]
[SourceTitle "CBM 187 Extra"]
[Source "ChessBase"]
[SourceDate "2018.11.04"]
[SourceVersion "1"]
[SourceVersionDate "2018.11.04"]
[SourceQuality "1"]
[WhiteTeam "Belgrade Borca"]
[BlackTeam "Belgrade Politika"]
[WhiteTeamCountry "SRB"]
[BlackTeamCountry "SRB"]

1. c4 g6 2. Nc3 Bg7 3. g3 Nf6 4. Bg2 0-0 5. e4 c5 6. Nge2 Nc6 7. 0-0 d6 8. d3 Nd4 9. Nxd4 cxd4 10. Ne2 e5 11. Bg5 h6 12. Bd2 Kh7 13. f4 exf4 14. Nxf4 Bg4 15. Bf3 Bxf3 16. Qxf3 Qd7 17. b4 b5 18. cxb5 Qxb5 19. a4 Qd7 20. Rfc1 Rac8 21. b5 Rxc1+ 22. Rxc1 Rc8 23. Qd1 Rxc1 24. Bxc1 g5 25. Nh5 Nxh5 26. Qxh5 Qc8 27. Qd1 Qc3 28. Kf2 Bf6 29. Ke2 Bd8 30. Bd2 Qc8 31. Qf1 Kg7 32. Kd1 Qe6 33. Qf5 Qb3+ 1/2-1/2

[Event "Belgrade-chTB Quality"]
[Site "Belgrade"]
[Date "2018.10.20"]
[Round "7.3"]
[White "Djerfi, Karolj"]
[Black "Jovicic, Dragomir"]
[Result "1/2-1/2"]
[WhiteElo "2265"]
[BlackElo "2131"]
[PlyCount "78"]
[EventDate "2018.09.29"]
[EventType "team-tourn"]
[EventRounds "11"]
[EventCountry "SRB"]
[SourceTitle "CBM 187 Extra"]
[Source "ChessBase"]
[SourceDate "2018.11.04"]
[SourceVersion "1"]
[SourceVersionDate "2018.11.04"]
[SourceQuality "1"]
[WhiteTeam "Belgrade Lasta"]
[BlackTeam "Belgrade Borca"]
[WhiteTeamCountry "SRB"]
[BlackTeamCountry "SRB"]

1. d4 d5 2. Nf3 Bf5 3. e3 e6 4. c4 c6 5. Bd3 Bxd3 6. Qxd3 Nf6 7. Nc3 Bd6 8. 0-0 0-0 9. e4 dxe4 10. Nxe4 Nxe4 11. Qxe4 Nd7 12. Bg5 Be7 13. Bf4 Re8 14. Rfe1 Qb6 15. Qc2 Bf6 16. Rad1 Nf8 17. Be5 Bxe5 18. Nxe5 Rad8 19. c5 Qc7 20. Nc4 Ng6 21. Re4 Rd5 22. Nd6 Rb8 23. Rd3 b6 24. Rf3 bxc5 25. Nxf7 cxd4 26. Qd2 c5 27. Ng5 e5 28. Rg4 Nf4 29. g3 Nh5 30. Ne4 Rf8 31. Rxf8+ Kxf8 32. Rg5 Nf6 33. Rf5 Qf7 34. Rf3 Nxe4 35. Rxf7+ Kxf7 36. Qe2 Nd6 37. Qh5+ Kg8 38. Qg4 Kf7 39. Qh5+ Kf6 1/2-1/2

[Event "Belgrade-chTB Quality"]
[Site "Belgrade"]
[Date "2018.09.29"]
[Round "1.4"]
[White "Popadic, Dragan B"]
[Black "Jovicic, Dragomir"]
[Result "1-0"]
[WhiteElo "2077"]
[BlackElo "2131"]
[PlyCount "83"]
[EventDate "2018.09.29"]
[EventType "team-tourn"]
[EventRounds "11"]
[EventCountry "SRB"]
[SourceTitle "CBM 187 Extra"]
[Source "ChessBase"]
[SourceDate "2018.11.04"]
[SourceVersion "1"]
[SourceVersionDate "2018.11.04"]
[SourceQuality "1"]
[WhiteTeam "Belgrade NB"]
[BlackTeam "Belgrade Borca"]
[WhiteTeamCountry "SRB"]
[BlackTeamCountry "SRB"]

1. d4 d5 2. e3 Bf5 3. Bd3 e6 4. Nf3 Nf6 5. Bxf5 exf5 6. Qd3 Qc8 7. b3 Ne4 8. 0-0 c6 9. c3 Nd7 10. Ba3 Qc7 11. Bxf8 Kxf8 12. Nfd2 Re8 13. f3 Nd6 14. c4 g6 15. Nc3 Nf6 16. Rae1 Kg7 17. c5 Nc8 18. e4 fxe4 19. fxe4 dxe4 20. Ndxe4 Ng4 21. g3 f5 22. Ng5 Qd7 23. d5 Rxe1 24. Rxe1 Re8 25. Qd4+ Nf6 26. Re6 Rxe6 27. Nxe6+ Kf7 28. Ng5+ Kg7 29. d6 b6 30. b4 a5 31. a3 axb4 32. axb4 bxc5 33. bxc5 Qa7 34. Ne6+ Kf7 35. Nd8+ Kg7 36. Ne6+ Kf7 37. Ng5+ Kg7 38. Nce4 fxe4 39. Nxe4 Qf7 40. Nxf6 Nxd6 41. Ne8+ Kf8 42. Nxd6 1-0

[Event "Belgrade-chT Quality"]
[Site "Belgrade"]
[Date "2015.10.25"]
[Round "7"]
[White "Petrovic, Igor R"]
[Black "Jovicic, Dragomir"]
[Result "1-0"]
[WhiteElo "2099"]
[BlackElo "2125"]
[PlyCount "115"]
[EventDate "2015.10.03"]
[EventType "team-tourn"]
[EventRounds "11"]
[EventCountry "SRB"]
[SourceTitle "EXT 2018"]
[Source "ChessBase"]
[SourceDate "2017.10.13"]
[SourceVersion "1"]
[SourceVersionDate "2017.10.13"]
[SourceQuality "1"]

1. e4 c5 2. Nf3 Nc6 3. d4 cxd4 4. Nxd4 Nf6 5. Nc3 g6 6. Be3 Bg7 7. f3 0-0 8. Bc4 Qb6 9. 0-0 Qxb2 10. Ncb5 Qb4 11. Be2 Nxd4 12. Bxd4 Ne8 13. Rb1 Bxd4+ 14. Nxd4 Qc5 15. Rb5 Qc7 16. Rg5 Qf4 17. Rg4 Qe3+ 18. Kh1 d6 19. Nf5 Bxf5 20. exf5 Nf6 21. Rg3 Rac8 22. f4 Qc5 23. Bd3 d5 24. fxg6 fxg6 25. Qe2 Rf7 26. f5 Ne4 27. Bxe4 dxe4 28. fxg6 hxg6 29. Rxg6+ Kf8 30. Rxf7+ Kxf7 31. Qxe4 Rc6 32. Rxc6 bxc6 33. h4 Qd6 34. Qf5+ Kg8 35. Qg4+ Kh7 36. a4 e5 37. Qf5+ Kg7 38. Kh2 e4+ 39. Kh3 Qd4 40. Qg5+ Kh8 41. Qh6+ Kg8 42. Qxc6 Qe3+ 43. g3 Qf3 44. Qa8+ Kf7 45. Qxa7+ Ke6 46. Qb6+ Kd5 47. Qb3+ Kd4 48. Qb4+ Ke3 49. Qe1+ Kd4 50. a5 Kc5 51. a6 Kb6 52. Qb4+ Kxa6 53. Qa4+ Kb6 54. Qb3+ Kc5 55. Qxf3 exf3 56. Kh2 Kd4 57. Kg1 Ke3 58. Kf1 1-0

[Event "Belgrade-chT"]
[Site "Belgrade"]
[Date "2014.11.03"]
[Round "11"]
[White "Jovicic, Dragomir"]
[Black "Srdic, Danilo"]
[Result "1/2-1/2"]
[WhiteElo "2120"]
[BlackElo "2169"]
[PlyCount "84"]
[EventDate "2014.10.04"]
[EventType "team-tourn"]
[EventRounds "13"]
[EventCountry "SRB"]
[SourceTitle "EXT 2015"]
[Source "ChessBase"]
[SourceDate "2014.11.20"]
[SourceVersion "1"]
[SourceVersionDate "2014.11.20"]
[SourceQuality "1"]

1. c4 e5 2. g3 Nf6 3. Bg2 d6 4. Nc3 g6 5. e4 Bg7 6. Nge2 0-0 7. d4 exd4 8. Nxd4 Nc6 9. Nxc6 bxc6 10. Bg5 h6 11. Be3 Ng4 12. Bd2 Ne5 13. Qe2 Re8 14. f4 Bg4 15. Qf1 Nd7 16. Bf3 Bxf3 17. Qxf3 Qf6 18. 0-0-0 Qd4 19. Qe2 Nb6 20. b3 Qc5 21. Kb1 Rab8 22. Kc2 Qa3 23. Rb1 Nd7 24. Qf3 Nc5 25. Rhe1 Ne6 26. Kd3 Qc5 27. Ne2 d5 28. cxd5 cxd5 29. e5 c6 30. Nc3 Qb6 31. b4 Qa6+ 32. b5 cxb5 33. Nxd5 b4+ 34. Ke3 Rbc8 35. Bxb4 Qc4 36. Bd6 Qxa2 37. Rbd1 Qa6 38. Kf2 Kh7 39. Nf6+ Kh8 40. Nxe8 Rxe8 41. Kg1 Qb6+ 42. Qf2 Qc6 1/2-1/2

[Event "Belgrade-chT"]
[Site "Belgrade"]
[Date "2014.10.12"]
[Round "4"]
[White "Dorcic, Igor"]
[Black "Jovicic, Dragomir"]
[Result "1/2-1/2"]
[WhiteElo "1980"]
[BlackElo "2120"]
[PlyCount "58"]
[EventDate "2014.10.04"]
[EventType "team-tourn"]
[EventRounds "13"]
[EventCountry "SRB"]
[SourceTitle "EXT 2015"]
[Source "ChessBase"]
[SourceDate "2014.11.20"]
[SourceVersion "1"]
[SourceVersionDate "2014.11.20"]
[SourceQuality "1"]

1. d4 c5 2. c3 d5 3. Nf3 Nc6 4. dxc5 e6 5. e3 Bxc5 6. Be2 Nf6 7. 0-0 0-0 8. Nbd2 Be7 9. c4 b6 10. b3 Bb7 11. Bb2 Rc8 12. cxd5 Qxd5 13. Nc4 Rfd8 14. Qxd5 Nxd5 15. Rfc1 Ndb4 16. Rd1 f6 17. Rxd8+ Rxd8 18. a3 Nd3 19. Bc3 Nc5 20. b4 Ne4 21. Be1 Kf7 22. Kf1 Bf8 23. Rd1 Rxd1 24. Bxd1 Ne7 25. Bc2 Nf5 26. Bd3 Nfd6 27. Nxd6+ Bxd6 28. Ke2 g6 29. h3 Bd5 1/2-1/2

[Event "Belgrade-chT"]
[Site "Belgrade"]
[Date "2014.10.05"]
[Round "2"]
[White "Sergijevic, Zoran"]
[Black "Jovicic, Dragomir"]
[Result "0-1"]
[WhiteElo "2101"]
[BlackElo "2120"]
[PlyCount "64"]
[EventDate "2014.10.04"]
[EventType "team-tourn"]
[EventRounds "13"]
[EventCountry "SRB"]
[SourceTitle "EXT 2015"]
[Source "ChessBase"]
[SourceDate "2014.11.20"]
[SourceVersion "1"]
[SourceVersionDate "2014.11.20"]
[SourceQuality "1"]

1. e4 c5 2. Nf3 Nc6 3. d4 cxd4 4. Nxd4 g6 5. Nxc6 bxc6 6. Qd4 Nf6 7. e5 Nd5 8. e6 f6 9. exd7+ Bxd7 10. c4 e5 11. Qd1 Bb4+ 12. Bd2 Bxd2+ 13. Qxd2 Nf4 14. g3 Ne6 15. Bg2 Nd4 16. Na3 Bh3 17. Kf1 Qd7 18. Nc2 0-0 19. Nxd4 exd4 20. Rd1 Rad8 21. Qd3 Rfe8 22. f3 Re3 23. Qxe3 dxe3 24. Rxd7 Rxd7 25. Rg1 Rd1+ 26. Ke2 Rxg1 27. Bxh3 Kf7 28. b4 Ke7 29. a4 Rc1 30. Kxe3 Rxc4 31. b5 Rxa4 32. bxc6 Kd6 0-1

[Event "Belgrade City-chT"]
[Site "Belgrade"]
[Date "2013.11.02"]
[Round "3"]
[White "Vrbljanac, Toma"]
[Black "Jovicic, Dragomir"]
[Result "1/2-1/2"]
[WhiteElo "2126"]
[BlackElo "2128"]
[PlyCount "107"]
[EventDate "2013.10.26"]
[EventType "team-tourn"]
[EventRounds "11"]
[EventCountry "SRB"]
[SourceTitle "EXT 2015"]
[Source "ChessBase"]
[SourceDate "2014.11.20"]
[SourceVersion "1"]
[SourceVersionDate "2014.11.20"]
[SourceQuality "1"]

1. e4 c5 2. Nf3 Nc6 3. d4 cxd4 4. Nxd4 g6 5. Nc3 Bg7 6. Nde2 Nf6 7. g3 0-0 8. Bg2 d6 9. 0-0 Bd7 10. Nd5 Ne5 11. Nef4 Bc6 12. Nxf6+ Bxf6 13. Nd5 Bg7 14. a4 e6 15. Nb4 Be8 16. c3 Qc7 17. Re1 Rd8 18. Bg5 f6 19. Bf4 Nc6 20. Nc2 Bf7 21. h4 Na5 22. Na3 e5 23. Be3 Nc4 24. Nxc4 Bxc4 25. b3 Be6 26. c4 f5 27. Qd3 f4 28. Bc1 Qb6 29. a5 Qc7 30. Ba3 fxg3 31. fxg3 Rf7 32. Qe3 Bg4 33. Qxa7 Bh6 34. Qb6 Qxb6+ 35. axb6 Bd2 36. Rf1 Be3+ 37. Kh2 Bxb6 38. Bh3 h5 39. Bxg4 hxg4 40. Rad1 Bd4 41. Kg2 Ra8 42. Rxf7 Kxf7 43. Bxd6 Ke6 44. Bb4 Ra2+ 45. Rd2 Ra1 46. Rd3 Rg1+ 47. Kh2 Rb1 48. Kg2 Rb2+ 49. Kf1 b6 50. Ke1 Rb1+ 51. Ke2 Rb2+ 52. Ke1 Rb1+ 53. Ke2 Rb2+ 54. Ke1 1/2-1/2

[Event "Belgrade-chT Quality"]
[Site "Belgrade"]
[Date "2012.10.31"]
[Round "9.5"]
[White "Veljkovic, Dragoljub"]
[Black "Jovicic, Dragomir"]
[Result "1/2-1/2"]
[WhiteElo "2137"]
[BlackElo "2130"]
[PlyCount "30"]
[EventDate "2012.10.13"]
[EventType "team-tourn"]
[EventRounds "11"]
[EventCountry "SRB"]
[SourceTitle "EXT 2019"]
[Source "ChessBase"]
[SourceDate "2018.10.10"]
[SourceVersion "1"]
[SourceVersionDate "2018.10.10"]
[SourceQuality "1"]

1. d4 d5 2. Nf3 c5 3. e3 Nf6 4. c4 e6 5. Nc3 Be7 6. cxd5 exd5 7. dxc5 0-0 8. Be2 Bxc5 9. 0-0 Nc6 10. a3 a6 11. b4 Be7 12. Bb2 b5 13. Rc1 Bb7 14. Bd3 Re8 15. Bb1 Bf8 1/2-1/2

[Event "Belgrade-chT Quality"]
[Site "Belgrade"]
[Date "2012.10.27"]
[Round "5.4"]
[White "Jakovljevic, Zivota"]
[Black "Jovicic, Dragomir"]
[Result "1-0"]
[WhiteElo "2129"]
[BlackElo "2130"]
[PlyCount "115"]
[EventDate "2012.10.13"]
[EventType "team-tourn"]
[EventRounds "11"]
[EventCountry "SRB"]
[SourceTitle "EXT 2019"]
[Source "ChessBase"]
[SourceDate "2018.10.10"]
[SourceVersion "1"]
[SourceVersionDate "2018.10.10"]
[SourceQuality "1"]

1. d4 Nf6 2. c4 c5 3. d5 b5 4. cxb5 a6 5. b6 d6 6. Nc3 Nbd7 7. Nf3 Nxb6 8. e4 e6 9. dxe6 fxe6 10. e5 Nfd5 11. exd6 Nxc3 12. bxc3 Bxd6 13. Bd3 Nd5 14. Qc2 Qf6 15. Be4 Ra7 16. Bd2 Bf4 17. Bxf4 Nxf4 18. 0-0 0-0 19. Bxh7+ Kh8 20. Be4 e5 21. h4 Bg4 22. Ng5 Qh6 23. g3 Nh3+ 24. Nxh3 Bxh3 25. Bg2 Bxg2 26. Kxg2 Qc6+ 27. f3 Rd7 28. Rae1 c4 29. Qe4 Rd2+ 30. Rf2 Qxe4 31. Rxe4 Rfd8 32. Rxe5 R8d3 33. g4 Rxf2+ 34. Kxf2 Rxc3 35. Ra5 Rc1 36. Rxa6 c3 37. Rc6 Rc2+ 38. Kg3 Rxa2 39. Rxc3 Ra5 40. Re3 Kh7 41. Re4 Ra1 42. h5 Ra3 43. Kf4 Rb3 44. Re8 Rb4+ 45. Kg5 Rb5+ 46. Kh4 Rb7 47. f4 Ra7 48. g5 g6 49. hxg6+ Kxg6 50. Kg4 Kg7 51. Kh5 Kf7 52. Rb8 Kg7 53. f5 Rc7 54. f6+ Kf7 55. Rb6 Kg8 56. g6 Rc8 57. Kh6 Rf8 58. Re6 1-0

[Event "Belgrade-chT Quality"]
[Site "Belgrade"]
[Date "2012.10.13"]
[Round "1.2"]
[White "Jovicic, Dragomir"]
[Black "Stamatovic, Aleksandar"]
[Result "1-0"]
[WhiteElo "2130"]
[BlackElo "2181"]
[PlyCount "63"]
[EventDate "2012.10.13"]
[EventType "team-tourn"]
[EventRounds "11"]
[EventCountry "SRB"]
[SourceTitle "EXT 2019"]
[Source "ChessBase"]
[SourceDate "2018.10.10"]
[SourceVersion "1"]
[SourceVersionDate "2018.10.10"]
[SourceQuality "1"]

1. c4 e5 2. Nc3 Bb4 3. g3 Nf6 4. Bg2 0-0 5. e4 c6 6. Nge2 Re8 7. 0-0 a5 8. d4 Na6 9. a3 exd4 10. axb4 dxc3 11. Rxa5 cxb2 12. Bxb2 Nxe4 13. Nf4 d6 14. Nh5 f6 15. Re1 b6 16. Nxg7 Kxg7 17. Rh5 h6 18. Qc1 Nd2 19. Re4 Rxe4 20. Bxe4 Bg4 21. Rh4 Nf3+ 22. Bxf3 Bxf3 23. Qxh6+ Kf7 24. Rf4 Nc7 25. Rxf6+ Ke8 26. Rf8+ Kd7 27. Qh3+ Ne6 28. Rf7+ Qe7 29. Rxe7+ Kxe7 30. Qh7+ Ke8 31. Qg6+ Kf8 32. Qxe6 1-0

[Event "Belgrade tt Cup"]
[Site "Belgrade"]
[Date "2010.04.18"]
[Round "5.9"]
[White "Jovicic, Dragomir"]
[Black "Dragasevic, Antonina"]
[Result "1/2-1/2"]
[WhiteElo "2170"]
[BlackElo "2166"]
[PlyCount "63"]
[EventDate "2010.04.14"]
[EventType "team-tourn"]
[EventRounds "5"]
[EventCountry "SRB"]
[SourceTitle "EXT 2012"]
[Source "ChessBase"]
[SourceDate "2011.11.24"]
[SourceVersion "1"]
[SourceVersionDate "2011.11.24"]
[SourceQuality "1"]

1. c4 Nf6 2. Nc3 d6 3. g3 e5 4. Bg2 c6 5. Nf3 Be7 6. 0-0 0-0 7. d4 Qc7 8. b3 h6 9. Qc2 Bg4 10. dxe5 dxe5 11. Bb2 Nbd7 12. h3 Be6 13. Nh4 Rfe8 14. Rad1 Rac8 15. Nf5 Bf8 16. g4 b5 17. Ne3 b4 18. Ne4 Nxe4 19. Bxe4 Nf6 20. Bf5 Bc5 21. Bxe6 Rxe6 22. Nf5 Ree8 23. Ng3 Rcd8 24. Kg2 Bd4 25. Bc1 e4 26. Bd2 c5 27. Qc1 e3 28. Bxe3 Bxe3 29. fxe3 Rxd1 30. Rxd1 Qe5 31. Qc2 Qxe3 32. Qd3 1/2-1/2

[Event "Belgrade CupT final"]
[Site "Belgrade"]
[Date "2008.04.09"]
[Round "1"]
[White "Marinovic, Bozidar"]
[Black "Jovicic, Dragomir"]
[Result "1-0"]
[WhiteElo "2406"]
[BlackElo "2186"]
[PlyCount "99"]
[EventDate "2008.04.09"]
[EventType "team-swiss"]
[EventRounds "5"]
[EventCountry "SRB"]
[SourceTitle "EXT 2023"]
[Source "ChessBase"]
[SourceDate "2022.10.05"]
[SourceVersion "1"]
[SourceVersionDate "2022.10.05"]
[SourceQuality "1"]

1. e4 c5 2. Nf3 Nc6 3. Bb5 g6 4. Bxc6 dxc6 5. d3 Bg7 6. Nc3 Nf6 7. Be3 b6 8. h3 0-0 9. Qd2 e5 10. Bh6 Qe7 11. Nh2 Bxh6 12. Qxh6 c4 13. Ng4 Nxg4 14. hxg4 f6 15. f3 cxd3 16. cxd3 Ba6 17. 0-0-0 Rad8 18. Qe3 Rd4 19. Rd2 Rfd8 20. Rhd1 Qd6 21. Kc2 Bc8 22. Ne2 Be6 23. Kb1 Ra4 24. b3 Ra5 25. d4 Qe7 26. dxe5 Rxd2 27. Qxd2 fxe5 28. Qd6 Kf7 29. Nc3 Qxd6 30. Rxd6 Rc5 31. Na4 Ra5 32. Rxc6 Bd7 33. Rc7 Ke6 34. Nb2 Kd6 35. Rc1 Rc5 36. Nd3 Rxc1+ 37. Kxc1 a5 38. g5 b5 39. a3 Be6 40. b4 Bc4 41. Kd2 Bxd3 42. Kxd3 axb4 43. axb4 Ke6 44. g3 Kd6 45. f4 Ke6 46. fxe5 Kxe5 47. Ke3 Ke6 48. Kd4 Kd6 49. e5+ Ke6 50. Ke4 1-0